000 00479nam a2200169 i 4500
001 bg
100 1 _aALEKSIDZE, M. A.
245 0 _aIssledovanie nekotorych voprosov transformacii potencialnych polej /
_cM.A. Aleksidze, M.S. Gelasvili, K.M. Kartvelisvili.
260 _aTbilisi,
_c1972.
700 1 _aGELASVILI, M. S.
700 1 _aKARTVELISVILI, K. M.
040 _cBPK
041 _apol
080 _a621.317
942 _cKS
008 s pl f |000 0 pol
999 _c14785
_d14785
856 _uhttp://koha.tu.koszalin.pl/cgi-bin/koha/opac-detail.pl?biblionumber=14785
_yKatalog online BPK